[Event "BW 2018 B-Open"]
[Site "Bad Woerishofen"]
[Date "2018.03.02"]
[Round "8.18"]
[White "Schmidt, Alfred"]
[Black "Hager, Eberhard"]
[Result "1-0"]
[WhiteElo "1784"]
[BlackElo "1805"]
[Annotator "chessorg"]
[PlyCount "53"]
[EventDate "2018.??.??"]
[WhiteTeam "SF Bad Groenenbach"]
[BlackTeam "SC Friedberg"]

1. e4 d6 2. f4 Nf6 3. Nc3 c6 4. Nf3 Nbd7 5. Be2 e5 6. d4 exd4 7. Nxd4 Qa5 8.
O-O Nc5 9. Bf3 Ne6 10. Be3 Nxd4 11. Bxd4 Be7 12. e5 dxe5 13. fxe5 Nd5 14. Nxd5
cxd5 15. e6 Bxe6 16. Bxg7 Rg8 17. Bd4 Bd6 18. Qd3 Rg6 19. g3 Qc7 20. Bh5 Rh6
21. Qf3 Bc5 22. c3 Ke7 23. Rae1 Rf8 24. Bg4 Bxd4+ 25. cxd4 Qc8 26. Qxd5 Rd8 27.
Qg5+ 1-0

[Event "BW 2018 B-Open"]
[Site "Bad Woerishofen"]
[Date "2018.03.02"]
[Round "8.24"]
[White "Gupta, Sara"]
[Black "Fuchs, Mirjana"]
[Result "1-0"]
[WhiteElo "1315"]
[BlackElo "1775"]
[Annotator "chessorg"]
[PlyCount "49"]
[EventDate "2018.??.??"]
[BlackTeam "DJK Schachfreunde Haselbach"]

1. e4 e5 2. Nf3 Nc6 3. d4 exd4 4. Nxd4 Qf6 5. c3 Bc5 6. Be3 Nge7 7. Bc4 Qg6 8.
O-O Ne5 9. Be2 h5 10. Nb5 Bxe3 11. fxe3 Qb6 12. Qd4 Qc6 13. Qxe5 d6 14. Qxg7
Rg8 15. Qxf7+ Kd8 16. Nd2 Bh3 17. Rf2 Qb6 18. Nf1 a6 19. Nd4 Kd7 20. Nf5 Bxf5
21. exf5 Raf8 22. Qe6+ Kd8 23. f6 Ng6 24. f7 Rg7 25. Qf6+ 1-0

[Event "BW 2018 B-Open"]
[Site "Bad Woerishofen"]
[Date "2018.03.02"]
[Round "8.28"]
[White "Mikota, Paul"]
[Black "Kearsley, Raymond"]
[Result "0-1"]
[WhiteElo "1544"]
[BlackElo "1616"]
[Annotator "chessorg"]
[PlyCount "76"]
[EventDate "2018.??.??"]
[WhiteTeam "SK Kriegshaber"]
[BlackTeam "Wimbledon"]

1. d4 d5 2. Nf3 Bf5 3. Bf4 e6 4. e3 Nf6 5. c4 Bb4+ 6. Nc3 O-O 7. a3 Bxc3+ 8.
bxc3 c5 9. Qb3 Nc6 10. h3 Na5 11. Qa4 dxc4 12. Bxc4 Nxc4 13. Qxc4 Nd5 14. Bh2
cxd4 15. Qxd4 Qa5 16. O-O Rfd8 17. Rfc1 f6 18. c4 Nb6 19. Qc3 Qxc3 20. Rxc3 Na4
21. Rcc1 Nc5 22. Rd1 e5 23. g4 Be4 24. Ne1 Nb3 25. f3 Nxa1 26. Rxa1 Bc6 27. Kf2
Rd2+ 28. Kg3 Rad8 29. Rc1 Rd1 30. Rxd1 Rxd1 31. Nc2 Rc1 32. Nb4 Rxc4 33. e4 a5
34. Nxc6 Rxc6 35. Bg1 Rc3 36. h4 Rxa3 37. Bb6 a4 38. g5 Rb3 0-1

[Event "BW 2018 B-Open"]
[Site "Bad Woerishofen"]
[Date "2018.03.02"]
[Round "8.29"]
[White "Schwirz, Horst"]
[Black "Dahmen, Juergen"]
[Result "1/2-1/2"]
[WhiteElo "1559"]
[BlackElo "1710"]
[Annotator "chessorg"]
[PlyCount "41"]
[EventDate "2018.??.??"]
[WhiteTeam "Niendorfer TSV 1919 SAbt"]
[BlackTeam "SV Wolfbusch"]

1. Nf3 c5 2. g3 e6 3. Bg2 Nf6 4. d3 d5 5. Nbd2 Be7 6. O-O O-O 7. e4 dxe4 8.
dxe4 Qc7 9. c3 Nc6 10. Qc2 b6 11. Rd1 Bb7 12. Nf1 Rad8 13. Bf4 e5 14. Bd2 Na5
15. Nh4 Nc4 16. Be1 Rxd1 17. Rxd1 Rd8 18. Rxd8+ Bxd8 19. Nf5 Nd6 20. Nxd6 Qxd6
21. Qd2 1/2-1/2

[Event "BW 2018 B-Open"]
[Site "Bad Woerishofen"]
[Date "2018.03.02"]
[Round "8.30"]
[White "Meroni, Alberto"]
[Black "Hoerhold, Karola"]
[Result "0-1"]
[WhiteElo "1028"]
[BlackElo "1681"]
[Annotator "chessorg"]
[PlyCount "62"]
[EventDate "2018.??.??"]
[BlackTeam "SV Meschede e.V."]

1. d4 f5 2. c4 Nf6 3. Nc3 g6 4. Nf3 Bg7 5. e3 O-O 6. Be2 d6 7. O-O Qe8 8. a3 c6
9. b4 e5 10. d5 Na6 11. Bb2 Qe7 12. Qc2 Nc7 13. Rad1 Bd7 14. Na4 Rac8 15. Nc3
Kh8 16. Rfe1 cxd5 17. cxd5 Ncxd5 18. Nxd5 Nxd5 19. Qb1 Nc3 20. Bxc3 Rxc3 21.
Qb2 e4 22. Nd4 Rcc8 23. Qb1 a6 24. b5 a5 25. f3 d5 26. b6 Qxa3 27. Qa1 Qxe3+
28. Kh1 Qc3 29. Qxc3 Rxc3 30. Rd2 Rfc8 31. Bd1 e3 0-1

[Event "BW 2018 B-Open"]
[Site "Bad Woerishofen"]
[Date "2018.03.02"]
[Round "8.32"]
[White "Cremonini, Stefano"]
[Black "Keymling, Detlev"]
[Result "1-0"]
[WhiteElo "1591"]
[BlackElo "1641"]
[Annotator "chessorg"]
[PlyCount "61"]
[EventDate "2018.??.??"]
[BlackTeam "SK Rochade Augsburg"]

1. d4 d5 2. Bf4 Nf6 3. e3 c6 4. c4 Bf5 5. Qb3 Qb6 6. Nf3 e6 7. c5 Qxb3 8. axb3
Nbd7 9. h3 h6 10. Nc3 Be7 11. Be2 O-O 12. b4 b5 13. O-O Bd8 14. Ra6 g5 15. Bd6
Re8 16. Rfa1 Ne4 17. Nxe4 dxe4 18. Nd2 e5 19. d5 cxd5 20. Bxb5 Be7 21. Bc6 Bxd6
22. Bxa8 Nxc5 23. bxc5 Bxc5 24. Bxd5 Rd8 25. Nxe4 Bb6 26. Nc3 Bd3 27. Rxb6 axb6
28. Ra8 Rxa8 29. Bxa8 f5 30. Bc6 Bc4 31. Bd5+ 1-0

[Event "BW 2018 B-Open"]
[Site "Bad Woerishofen"]
[Date "2018.03.03"]
[Round "9.2"]
[White "Kerber, Alfred"]
[Black "Eschle, Hubert"]
[Result "0-1"]
[WhiteElo "1939"]
[BlackElo "1901"]
[Annotator "chessorg"]
[PlyCount "82"]
[EventDate "2018.??.??"]
[WhiteTeam "SK Reutte"]
[BlackTeam "SR Spaichingen"]

1. e4 c5 2. Nc3 Nc6 3. f4 d6 4. Nf3 g6 5. Bc4 a6 6. O-O e6 7. a4 Nge7 8. d3 Bg7
9. Qe1 O-O 10. Qh4 d5 11. Bb3 Nd4 12. g4 f5 13. gxf5 Nxb3 14. fxg6 Nxg6 15.
Qxd8 Rxd8 16. cxb3 d4 17. Ne2 a5 18. Ng3 Rf8 19. Nh5 b6 20. Nd2 Bh6 21. Nc4 Rb8
22. Bd2 Bg7 23. Nxg7 Kxg7 24. Rf3 Kh8 25. Kf2 Ne7 26. Rg1 Rg8 27. Rfg3 Ba6 28.
Ne5 Rbf8 29. Kf3 Rxg3+ 30. Rxg3 h6 31. Ng6+ Nxg6 32. Rxg6 Bxd3 33. Rxh6+ Kg7
34. Rxe6 Rf6 35. Re7+ Kg8 36. f5 Bc2 37. Bg5 Rd6 38. Bf4 d3 39. Bd2 Bxb3 40. e5
Rd4 41. Rb7 Bd5+ 0-1

[Event "BW 2018 B-Open"]
[Site "Bad Woerishofen"]
[Date "2018.03.03"]
[Round "9.4"]
[White "Listl, Rudolf"]
[Black "Urban, Rudolf"]
[Result "0-1"]
[WhiteElo "1975"]
[BlackElo "1841"]
[Annotator "chessorg"]
[PlyCount "93"]
[EventDate "2018.??.??"]
[WhiteTeam "SC Peiting"]
[BlackTeam "SC Roter Turm Altstadt"]

1. f4 d5 2. e3 Nf6 3. b3 Bg4 4. Be2 Bxe2 5. Qxe2 c6 6. Nf3 Nbd7 7. Bb2 e6 8.
O-O Be7 9. Nc3 Qc7 10. Nd1 O-O 11. Nf2 Bd6 12. Nd3 a6 13. Nde5 c5 14. g4 Ne8
15. Kh1 f6 16. Nd3 e5 17. Nh4 e4 18. Nf2 g6 19. d3 exd3 20. Qxd3 Nb6 21. Nf3
Qf7 22. g5 f5 23. a4 Nd7 24. Rad1 Nc7 25. Qc3 d4 26. exd4 Nd5 27. Qe1 Nxf4 28.
dxc5 Rae8 29. Qc3 Be5 30. Nxe5 Nxe5 31. Rfe1 Qc7 32. Rxe5 Rxe5 33. Qxe5 Qc6+
34. Ne4 Qxe4+ 35. Qxe4 fxe4 36. Rd7 Rf7 37. Rxf7 Kxf7 38. Bc1 Nd5 39. Kg2 Ke6
40. Kf2 Kf5 41. h4 Nb4 42. Bd2 Nxc2 43. Bc3 Ke6 44. b4 Kd5 45. Ke2 Kc4 46. Bd2
Nxb4 47. Ke3 0-1

[Event "BW 2018 B-Open"]
[Site "Bad Woerishofen"]
[Date "2018.03.03"]
[Round "9.6"]
[White "Natoli, Domenico"]
[Black "Forster, Rudolf"]
[Result "1-0"]
[WhiteElo "1737"]
[BlackElo "1895"]
[Annotator "chessorg"]
[PlyCount "43"]
[EventDate "2018.??.??"]
[WhiteTeam "CENTROSCACCHI PALERMO"]
[BlackTeam "SC Friedberg im Gehoerl. Sportverein"]

1. d4 d6 2. e4 e5 3. dxe5 dxe5 4. Qxd8+ Kxd8 5. Nf3 f6 6. Be3 Be6 7. Nc3 c6 8.
O-O-O+ Kc7 9. Nd2 Bb4 10. Bc4 Bxc4 11. Nxc4 b5 12. Nd2 g5 13. Nb3 Nh6 14. f3
Nd7 15. Rd3 Nf7 16. Rhd1 Rhd8 17. Bd2 Be7 18. Nxb5+ cxb5 19. Ba5+ Kc6 20. Bxd8
Rxd8 21. Na5+ Kb6 22. Nb7 1-0

[Event "BW 2018 B-Open"]
[Site "Bad Woerishofen"]
[Date "2018.03.03"]
[Round "9.7"]
[White "Bernhard, Thomas"]
[Black "Von Saldern, Ruediger"]
[Result "0-1"]
[WhiteElo "1800"]
[BlackElo "1854"]
[Annotator "chessorg"]
[PlyCount "129"]
[EventDate "2018.??.??"]
[WhiteTeam "SF Gottmadingen"]
[BlackTeam "Schachclub Starnberg 1820 e.V."]

1. f4 d5 2. Nf3 g6 3. g3 Bg7 4. c3 Nf6 5. Bg2 O-O 6. O-O c5 7. d3 Nc6 8. h3 Qc7
9. Qe1 e5 10. e4 dxe4 11. dxe4 Nh5 12. f5 gxf5 13. exf5 e4 14. Nh4 Qxg3 15.
Qxg3 Nxg3 16. Re1 Nxf5 17. Nxf5 Bxf5 18. Bxe4 Bxe4 19. Rxe4 Rae8 20. Nd2 Rxe4
21. Nxe4 b6 22. Bf4 f5 23. Nd6 Be5 24. Bxe5 Nxe5 25. Rf1 f4 26. Ne4 Kg7 27. Rd1
Kg6 28. Kf2 Kf5 29. Nd6+ Ke6 30. Ne4 Rg8 31. b3 h6 32. Rd2 Rg7 33. Rd8 Rd7 34.
Rf8 Rd3 35. Rxf4 Rxh3 36. Kg2 Rh5 37. c4 Nd3 38. Rf8 Ke5 39. Re8+ Kd4 40. Re7
Re5 41. Rxa7 Kxe4 42. Rd7 Re6 43. a3 Rf6 44. Kg3 Ne5 45. Rd5 Rf3+ 46. Kh4 Rxb3
47. Rd6 Nxc4 48. Rxh6 Nxa3 49. Rd6 b5 50. Kg4 Rd3 51. Re6+ Kd4 52. Kf4 Kc3 53.
Ra6 b4 54. Ke4 Rd8 55. Rh6 c4 56. Rh3+ Kb2 57. Rh2+ Nc2 58. Rf2 c3 59. Rh2 b3
60. Rf2 Rd4+ 61. Ke5 Rd2 62. Rf3 Ne1 63. Rf1 Re2+ 64. Kd4 c2 65. Kd5 0-1

[Event "BW 2018 B-Open"]
[Site "Bad Woerishofen"]
[Date "2018.03.03"]
[Round "9.8"]
[White "Pfalzer, Helmut"]
[Black "Haugg, Gerhard"]
[Result "1-0"]
[WhiteElo "1844"]
[BlackElo "1800"]
[Annotator "chessorg"]
[PlyCount "61"]
[EventDate "2018.??.??"]
[WhiteTeam "PSV Memmingen e.V."]

1. d4 d5 2. Nf3 Bg4 3. Ne5 Be6 4. Nd2 f6 5. Nef3 Bf7 6. Nb3 e5 7. dxe5 Nd7 8.
Bf4 g5 9. g3 g4 10. e6 Bxe6 11. Nfd4 Bf7 12. e3 Ne5 13. Be2 Qd7 14. Bxe5 fxe5
15. Bxg4 Qa4 16. Ne6 Bd6 17. Ng5 Nf6 18. Nxf7 Kxf7 19. Bh3 Qb4+ 20. c3 Qb5 21.
Qc2 e4 22. Nd4 Qe8 23. Qb3 Kg6 24. Bf5+ Kh6 25. g4 Rg8 26. Rg1 Qe5 27. O-O-O
Kg7 28. h4 Kh8 29. g5 Nh5 30. Be6 Rge8 31. Bf7 1-0

[Event "BW 2018 B-Open"]
[Site "Bad Woerishofen"]
[Date "2018.03.03"]
[Round "9.14"]
[White "Natterer, Winfried"]
[Black "Abele, Anais"]
[Result "1-0"]
[WhiteElo "1810"]
[BlackElo "1704"]
[Annotator "chessorg"]
[PlyCount "55"]
[EventDate "2018.??.??"]
[WhiteTeam "SC Dietmannsried"]
[BlackTeam "SC Aurich"]

1. e4 c5 2. Nf3 d6 3. d4 cxd4 4. Nxd4 Nf6 5. Nc3 a6 6. Be2 e5 7. Nb3 Be7 8. f4
Nbd7 9. g4 Nb6 10. g5 Nfd7 11. h4 exf4 12. Bxf4 Ne5 13. Qd4 f6 14. O-O-O Nc6
15. Qg1 fxg5 16. hxg5 Be6 17. Qg3 Nc4 18. Bxc4 Bxc4 19. Nd5 Bxd5 20. exd5 Na7
21. Nd4 Qd7 22. Ne6 Kf7 23. Rdf1 Kg8 24. Qc3 Bf8 25. g6 Nb5 26. Qd3 h6 27. Bd2
Be7 28. Rf7 1-0

[Event "BW 2018 B-Open"]
[Site "Bad Woerishofen"]
[Date "2018.03.03"]
[Round "9.18"]
[White "Hager, Eberhard"]
[Black "Kearsley, Raymond"]
[Result "0-1"]
[WhiteElo "1805"]
[BlackElo "1616"]
[Annotator "chessorg"]
[PlyCount "57"]
[EventDate "2018.??.??"]
[WhiteTeam "SC Friedberg"]
[BlackTeam "Wimbledon"]

1. e4 c5 2. Nf3 g6 3. c3 Bg7 4. d4 cxd4 5. cxd4 d5 6. e5 Nc6 7. Nc3 Nh6 8. h3
f6 9. Be2 Nf7 10. exf6 Bxf6 11. O-O O-O 12. Bf4 a6 13. Re1 e6 14. Bf1 Bg7 15.
Bg3 Nd6 16. Ne5 Nf5 17. Nxc6 bxc6 18. Be5 Bxe5 19. dxe5 Qh4 20. Qd2 c5 21. b3
Bb7 22. Na4 c4 23. Rac1 Rac8 24. bxc4 dxc4 25. Nb6 Rcd8 26. Qb2 Nd4 27. Rxc4
Qf4 28. Na4 Nf3+ 29. Kh1 0-1

[Event "BW 2018 B-Open"]
[Site "Bad Woerishofen"]
[Date "2018.03.03"]
[Round "9.20"]
[White "Fischer, Johann"]
[Black "Huber, Dorit"]
[Result "1-0"]
[WhiteElo "1721"]
[BlackElo "1563"]
[Annotator "chessorg"]
[PlyCount "76"]
[EventDate "2018.??.??"]
[WhiteTeam "SK Krumbach"]
[BlackTeam "SK Germering"]

1. e4 c6 2. Nc3 d5 3. exd5 cxd5 4. d4 Nf6 5. h3 e6 6. Bg5 Be7 7. Bd3 Nc6 8.
Nge2 Qb6 9. Bb5 a6 10. Bxc6+ bxc6 11. Rb1 a5 12. a4 Ba6 13. O-O O-O 14. Qd2 Qd8
15. f4 h6 16. Bh4 Ne4 17. Nxe4 Bxe2 18. Bxe7 Qxe7 19. Qxe2 dxe4 20. Qxe4 Qd6
21. Rbd1 Rab8 22. b3 Rb4 23. Qe3 Rd8 24. c4 Rdb8 25. Rd3 R8b7 26. f5 exf5 27.
Rxf5 Qb8 28. Rf3 R4b6 29. d5 cxd5 30. cxd5 Rd6 31. Qc5 Qd8 32. Rd4 Rc7 33. Qb5
Rc1+ 34. Rf1 Qf6 35. Rdd1 Rxd1 36. Rxd1 Rb6 37. Qd3 Qd6 38. Rc1 Rb4 1-0

[Event "BW 2018 B-Open"]
[Site "Bad Woerishofen"]
[Date "2018.03.03"]
[Round "9.28"]
[White "Keymling, Detlev"]
[Black "Goetz, Sibylle"]
[Result "1-0"]
[WhiteElo "1641"]
[BlackElo "1236"]
[Annotator "chessorg"]
[PlyCount "61"]
[EventDate "2018.??.??"]
[WhiteTeam "SK Rochade Augsburg"]
[BlackTeam "SC Siegburg"]

1. Nf3 d5 2. b3 c6 3. Bb2 Nd7 4. d4 Ngf6 5. e3 g6 6. c4 Bg7 7. Nc3 O-O 8. Bd3
e6 9. O-O Re8 10. Ne2 c5 11. Ne5 Nxe5 12. dxe5 Nd7 13. cxd5 Nxe5 14. Bxe5 Bxe5
15. Rc1 exd5 16. f4 Bb2 17. Rxc5 Bg4 18. Qd2 b6 19. Rc2 Ba3 20. h3 Bxe2 21.
Qxe2 Rc8 22. Rf3 Kg7 23. f5 g5 24. f6+ Kg8 25. Rf5 Bc5 26. Qh5 Bxe3+ 27. Kf1
Re6 28. Rxc8 Qxc8 29. Rxg5+ Bxg5 30. Qxh7+ Kf8 31. Qh8# 1-0